000 00911nam0a22002651 4500
001 rc\489105
005 20030616171406.9
010 _a5-7966-0109-1
_91000
035 _a(NLR Aleph) 005731213
090 _a7580930
_c7580930
100 _a20030616d1988 u |0rusy50 ca
101 0 _arus
102 _aRU
105 _aa |||||||||
200 1 _aОптимизация и синтез виброударных машин
_fРиж. политехн. ин-т им. А.Я. Пельше
210 _aРига
_cЗинатне
_d1988
215 _a252, [1] с.
_cил.
_d22
300 _aПеред вып. дан. авт.: Янис Алфредович Виба
320 _aБиблиогр.: с. 246-252 (136 назв.)
700 1 _aВиба
_bЯ. А.
_f1937-
_gЯнис Альфредович
801 0 _aRU
_bNLR
_gpsbo
801 1 _aRU
_bELAR
_2rusmarc
852 _aNLR
_j88-5/1979
942 _cBOOK
980 _aNB